000 00796nam a22002057a 4500
999 _c274168
_d274168
008 201130b ||||| |||| 00| 0 eng d
040 _bger
_cDE-2950
_erda
_aDE-2950
041 _ager
100 _aWeber-Rath, Ines:
245 _aDer doppelt "geadelte" Arzt.
_bRanking: Der Chirurg Dr. Frank Hoffmann ist neuer Ärztlicher Direktor des Klinikums Frankfurt (Oder) und wurde zu einem deutschen Top-Mediziner gekürt /
_cInes Weber-Rath
264 _c2021
653 _aFrankfurt (Oder)
653 _aKlinikum
653 _aHoffmann, Frank
773 _dFrankfurt (Oder): Märkisches Verlags- und Druckhaus GmbH & Co KG
_g32. Jahrgang (2021) Nr. 166 vom 20.07.2021, S. 15: Foto
_tMärkische Oderzeitung
942 _cA